000 00703cam a2200217 4500500
005 20260405004104.0
041 _afre
042 _adc
100 1 0 _aGastineau, Nicolas
_eauthor
245 0 0 _aEnrico Spadaro : Tolkien et la guerre 
contre 
les machines
260 _c2022.
500 _a90
690 _aMachine
690 _aNature
690 _aSeigneur des Anneaux
690 _aSobriété
690 _aTolkien
690 _aUtopie
786 0 _nPhilosophie magazine - Hors séries | Hors série - Été-Autome 2022 | HS54 | 2022-07-01 | p. 25-26 | 2104-9246
856 4 1 _uhttps://shs.cairn.info/magazine-philosophie-magazine-2022-hs54-page-25?lang=fr&redirect-ssocas=7080
999 _c2073612
_d2073612